000 01426cam a22003977a 4500
001 000092055
003 CHAP
005 20220329142834.0
008 040616d2003 mx a r 00110 spa d
010 _a88522
011 _a89494
035 _a100045
040 _cCHAP
090 _aTesis
100 0 0 _aMedina Torres, Lidia
_974041
245 1 0 _aProducción y rentabilidad de gerbera (Gerbera jamesonni H. Bolus) en maceta bajo invernadero, en Jantetelco, Morelos /
_c/por Lidia Medina Torres.
260 _aChapingo, Méx. :
_bEl autor,
_c2003.
300 _a133 h. :
_bilus.
502 _aTesis (Ing. Agr. Esp. en Fitotecnia) -- UACH. Departamento de Fitotecnia
590 _aALEPH
_b10
_c20130110
_lUCH01
_h1459
590 _aBATCH-UPD
_b10
_c20130110
_lUCH01
_h0714
590 _aBATCH-UPD
_b10
_c20140324
_lUCH01
_h1446
590 _aBATCH-UPD
_b10
_c20141002
_lUCH01
_h0822
590 _aCONVERSION
_b10
_c20130109
_lUCH01
_h1349
590 _aE12093SGE
_b10
_c20130626
_lUCH01
_h1307
650 1 4 _aCultivos en invernadero.
_930376
650 1 4 _aGerbera
_xRendimiento.
_947723
650 1 4 _aSiembra en maceta.
_9105841
856 _3Finding aid
_uhttp://10.13.5.2/tesis/100045.pdf
_zTeclea aquí
901 _aBK
905 _aAlejandra carrasco M.
942 _cCD
942 _n0
949 _aTesis
_bBC
_cTES
_d1000451
_eTS1
_h42070
_i100045
_sb
949 _aTesis
_bBC
_cTES
_d33724000794707
_eTS2
_fc.2
_h42071
_i100045
_si
999 _c88522
_d88522